000
00209nam a2200097Ia 4500
008
240331s9999 xx 000 0 und d
082
_b
JAM
100
_a
James, B
245
0
_a
Dictionary ofquotations
942
_c
L
999
_c
3251
_d
3251